书目信息 |
| 题名: |
全球论语
|
|
| 作者: | 谷学 编 | |
| 分册: | ||
| 出版信息: | 上海 上海译文出版社 2007 |
|
| 页数: | 317页 | |
| 开本: | 19cm | |
| 丛书名: | ||
| 单 册: | ||
| 中图分类: | B222.24 , B222.2 | |
| 科图分类: | ||
| 主题词: | 儒家 , 先秦哲学 | |
| 电子资源: | ||
| ISBN: | 978-7-5327-4336-0 | |
| 000 | 00980nam0 2200301 450 | |
| 001 | 1161525219 | |
| 005 | 20110929170720.78 | |
| 010 | @a978-7-5327-4336-0@dCNY18.00 | |
| 100 | @a20070608d2007 em y0chiy50 ea | |
| 101 | 0 | @achi@aeng@ajpn |
| 102 | @aCN@b310000 | |
| 105 | @ab z 000yy | |
| 106 | @ar | |
| 200 | 1 | @a全球论语@dThe global Lun Yu@e中英日对照读本@f(日)谷学编@zeng@Aquan qiu lun yu |
| 210 | @a上海@c上海译文出版社@d2007 | |
| 215 | @a317页@c地图@d19cm | |
| 330 | @a《论语》是中国古代儒家的一部重要经典,是研究、了解中国文化、研究孔子思想和生平的最珍贵的第一手资料。本书是《论语》的一中英日对照读本。 | |
| 510 | 1 | @aGlobal Lun Yu@zeng |
| 605 | @a论语 | |
| 605 | @a论语@x译文@j中文@j英文@j日文 | |
| 606 | 0 | @a儒家 |
| 606 | 0 | @a先秦哲学 |
| 690 | @aB222.24@v4 | |
| 690 | @aB222.2@v4 | |
| 701 | 0 | @c(日)@a谷学@f(1948~)@4编@Agu xue |
| 801 | 0 | @aCN@b110019@c20070919 |
| 801 | 2 | @aCN@b110019@c20070919 |
| 905 | @a10447@dB222.2@eJY165 | |
| 全球论语=The global Lun Yu:中英日对照读本/(日)谷学编.-上海:上海译文出版社,2007 |
| 317页:地图;19cm |
| ISBN 978-7-5327-4336-0:CNY18.00 |
| 《论语》是中国古代儒家的一部重要经典,是研究、了解中国文化、研究孔子思想和生平的最珍贵的第一手资料。本书是《论语》的一中英日对照读本。 |
| ● |
| 相关链接 |
|
|
|
|
正题名:全球论语
索取号:B222.2/JY165
 
预约/预借
| 序号 | 登录号 | 条形码 | 馆藏地/架位号 | 状态 | 备注 |
| 1 | 7824694 | 278246943 | 学院路分馆/ [索取号:B222.2/JY165] | 在馆 | |
| 2 | 7824695 | 278246952 | 学院路分馆/ [索取号:B222.2/JY165] | 在馆 |